Öffentliche Gebäude in Eschwege - Statistiken

Allgemein
  • Dieses Quiz wurde 13 mal gespielt
  • Das Durchschnittsergebnis liegt bei 17 aus 56
Antworten auf der Karte
Die Antworten werden auf der Karte rot bzw. grün angezeigt, abhängig davon wie oft sie richtig erraten wurden.
 
Antwortstatistiken
Group Antwort % Korrekt
Verwaltung Rathaus
82%
Verkehr Stadtbahnhof
73%
Bildung Anne-Frank-Schule
55%
Bildung Brüder-Grimm-Schule
55%
Bildung Freie Waldorfschule
55%
Verwaltung Polizei
55%
Bildung Struthschule
55%
Bildung Alexander-von-Humboldt-Schule
45%
Sonstiges Amtsgericht
45%
Gesundheit und Pflege Klinikum Werra-Meißner
45%
Erholung und Freizeit Schwimmbad
45%
Veranstaltungen Stadthalle
45%
Kinderbetreuung AWO-Kindertagesstätte "Kleine Strolche"
36%
Bildung Berufliche Schulen
36%
Kinderbetreuung Evangelische Kindertagesstätte "Kreuzkirche"
36%
Veranstaltungen E-Werk
36%
Bildung Friedrich-Wilhelm-Schule
36%
Gesundheit und Pflege Hospital "St. Elisabeth"
36%
Sonstiges Jugendherberge
36%
Kinderbetreuung Katholische Kindertagesstätte "St. Elisabeth"
36%
Religion Katholische Kirche "St. Elisabeth"
36%
Geschichte Klosterbrauerei
36%
Religion Kreuzkirche
36%
Religion Marktkirche "St. Dionys"
36%
Gesundheit und Pflege Seniorenwohnheim "Brückentor"
36%
Religion Auferstehungskirche
27%
Gesundheit und Pflege AWO-Seniorenzentrum
27%
Geschichte Dünzebacher Torturm
27%
Kinderbetreuung Evangelische Kindertagesstätte "Mauerstraße"
27%
Bildung Geschwister-Scholl-Schule
27%
Verwaltung Kraftfahrzeugzulassungsstelle
27%
Bildung Musikschule
27%
Religion Neuapostolische Kirche
27%
Religion Neustädter Kirche "St. Katharina"
27%
Geschichte Nikolaiturm
27%
Bildung Oberstufengymnasium
27%
Bildung Pestalozzischule
27%
Verwaltung Post
27%
Kultur Stadtmuseum
27%
Sonstiges Tafel
27%
Religion Apostelkirche
18%
Gesundheit und Pflege Caritas-Altenzentrum "St. Vinzenz"
18%
Kinderbetreuung Evangelische Kindertagesstätte "Am Schwanenteich"
18%
Verwaltung Gesundheitsamt
18%
Geschichte Landgrafenschloss
18%
Kultur Stadtbibliothek
18%
Bildung Volkshochschule
18%
Gesundheit und Pflege Wohn- und Pflegezentrum "Lindenhof"
18%
Kinderbetreuung Evangelische Kindertagesstätte "Spatzennest"
9%
Gesundheit und Pflege Hausärzte am Bahnhof
9%
Geschichte Hochzeitshaus
9%
Geschichte Karlsturm
9%
Kinderbetreuung Städtische Kindertagesstätte "Abenteuerland am Bahnhof"
9%
Verwaltung Gefahrenabwehrzentrum
0%
Geschichte Heiliggeistkapelle
0%
Geschichte Schlossgartentürmchen
0%
Keine übereinstimmenden Quizze gefunden
Verteilung der Resultate
Anzahl Personen mit jedem Resultat
Perzentil nach korrekt beantworteten Fragen
Ihre Resultats-Entwicklung
Sie haben dieses Quiz noch nicht gespielt